[Event "Managua Hurtado Memorial 15th"]
[Site "Managua"]
[Date "2015.12.29"]
[Round "6"]
[White "Morales, Benjamin"]
[Black "Bogantes Robleto, Karina"]
[Result "1-0"]
[WhiteElo "1648"]
[BlackElo "1664"]
[PlyCount "121"]
[EventDate "2015.12.26"]
[EventType "swiss"]
[EventRounds "9"]
[EventCountry "NCA"]
[SourceTitle "CBM 170 Extra"]
[Source "ChessBase"]
[SourceDate "2016.02.25"]
[SourceVersion "1"]
[SourceVersionDate "2016.02.25"]
[SourceQuality "1"]

1. e4 c5 2. Nf3 Nc6 3. d4 cxd4 4. Nxd4 g6 5. Nc3 Bg7 6. Be3 Nf6 7. f3 0-0 8. Qd2 d5 9. Nxc6 bxc6 10. 0-0-0 Be6 11. Be2 Qa5 12. exd5 cxd5 13. Bd4 Rab8 14. b3 Rfc8 15. Na4 Qc7 16. Kb1 Nd7 17. Bxg7 Kxg7 18. Ba6 Rd8 19. Qc3+ Qxc3 20. Nxc3 Nc5 21. Bd3 Rbc8 22. Ne2 Nxd3 23. Rxd3 Rc5 24. Ng3 Rdc8 25. Rd2 h5 26. h4 a5 27. Re1 Kf6 28. Ne2 Bd7 29. f4 Bf5 30. Nd4 Be4 31. Re3 Rc3 32. Rxc3 Rxc3 33. Ne2 Re3 34. g3 e6 35. Kb2 Bf5 36. a4 Ke7 37. c3 Kd6 38. b4 Kc7 39. b5 Bg4 40. Nd4 Rxg3 41. Nb3 Kb6 42. Rd4 Be2 43. Rd2 Bc4 44. Nd4 Rg4 45. Rf2 Rxh4 46. Nc6 f6 47. Ne7 Rg4 48. Ng8 f5 49. Nf6 Rg3 50. Nd7+ Kc7 51. Nc5 Re3 52. Rg2 h4 53. Rxg6 d4 54. cxd4 h3 55. Rg7+ Kc8 56. b6 e5 57. dxe5 h2 58. Rh7 Rg3 59. Rxh2 Bd5 60. Rh8+ Bg8 61. e6 1-0

[Event "Managua Hurtado Memorial 15th"]
[Site "Managua"]
[Date "2015.12.28"]
[Round "4"]
[White "Pichardo, Carlos"]
[Black "Morales, Benjamin"]
[Result "1/2-1/2"]
[WhiteElo "1795"]
[BlackElo "1648"]
[PlyCount "131"]
[EventDate "2015.12.26"]
[EventType "swiss"]
[EventRounds "9"]
[EventCountry "NCA"]
[SourceTitle "CBM 170 Extra"]
[Source "ChessBase"]
[SourceDate "2016.02.25"]
[SourceVersion "1"]
[SourceVersionDate "2016.02.25"]
[SourceQuality "1"]

1. d4 Nf6 2. c4 g6 3. g3 Bg7 4. Bg2 d6 5. Nf3 0-0 6. 0-0 c5 7. e3 Nbd7 8. Nc3 Nb6 9. b3 Bd7 10. Bb2 a5 11. a4 Nc8 12. h3 Na7 13. Qe2 Qc7 14. Rac1 Nc6 15. dxc5 dxc5 16. Nd5 Nxd5 17. cxd5 Nb4 18. Bxg7 Kxg7 19. e4 Rfd8 20. Rfd1 b6 21. Qb2+ Kg8 22. Ne5 Ra7 23. Nc4 b5 24. axb5 Bxb5 25. Bf1 a4 26. bxa4 Bxa4 27. Rd2 Bb5 28. Ne3 Bxf1 29. Nxf1 Rb8 30. Rb1 Ra2 31. Qc1 Rxd2 32. Qxd2 Qe5 33. Qe3 Na6 34. Rxb8+ Qxb8 35. Nd2 Qb4 36. e5 c4 37. Qd4 c3 38. Qxb4 Nxb4 39. Nb3 Nd3 40. f4 c2 41. d6 exd6 42. exd6 Kf8 43. Kf1 c1Q+ 44. Nxc1 Nxc1 45. Ke1 Ke8 46. Kd2 Nb3+ 47. Kc3 Nc5 48. Kd4 Nb7 49. Ke5 Kd7 50. f5 Nxd6 51. fxg6 hxg6 52. Kf6 Ke8 53. g4 Ne4+ 54. Ke5 Nf2 55. h4 Nxg4+ 56. Kf4 Nf6 57. Kg5 Nh5 58. Kh6 Ke7 59. Kh7 Ke6 60. Kh6 Ng3 61. Kg5 Ke5 62. Kg4 Nf5 63. h5 gxh5+ 64. Kxh5 Ke4 65. Kg5 Nd4 66. Kf6 1/2-1/2